000 00472nam a22001817a 4500
003 OSt
005 20250829164236.0
008 250829b |||||||| |||| 00| 0 eng d
020 _a1098765432
082 _a923.354
_bRAME
100 _aRamnath, Aparajith
245 _aEngineering a nation : The life and career of M. Visvesvaraya (1861-1962)
260 _aGurugram
_bPenguin viking
300 _a737P.
546 _aEnglish
651 _aBiography
942 _2ddc
_cBK
999 _c3847
_d3847